[Event "TUR-chT"]
[Site "Denizli"]
[Date "2013.07.09"]
[Round "12.9"]
[White "Ozmen, Mustafa Lutfi Poyra"]
[Black "Sari, Yasin"]
[Result "0-1"]
[WhiteElo "1808"]
[BlackElo "1967"]
[PlyCount "132"]
[EventDate "2013.06.29"]
[EventType "team-tourn"]
[EventRounds "13"]
[EventCountry "TUR"]
[SourceTitle "CBM 155 Extra"]
[Source "ChessBase"]
[SourceDate "2013.08.26"]
[SourceVersion "1"]
[SourceVersionDate "2013.08.26"]
[SourceQuality "1"]
[WhiteTeam "Tarsus Zeka"]
[BlackTeam "Calli Spor"]
[WhiteTeamCountry "TUR"]
[BlackTeamCountry "TUR"]

1. d4 Nf6 2. Nf3 c5 3. d5 e6 4. c4 exd5 5. cxd5 g6 6. Nc3 d6 7. e4 a6 8. a4 Bg4 9. Be2 Bxf3 10. Bxf3 Bg7 11. Bf4 0-0 12. 0-0 Qe7 13. e5 dxe5 14. d6 Qe6 15. Re1 Nbd7 16. Bxb7 Rab8 17. Bxa6 Rxb2 18. Bb5 Rb4 19. Be3 e4 20. Rc1 Rc8 21. Ne2 Bf8 22. Bd2 Rxb5 23. axb5 Bxd6 24. Bf4 Ne5 25. Bxe5 Bxe5 26. Ng3 Bd4 27. b6 Qxb6 28. Nxe4 Nxe4 29. Rxe4 Ra8 30. Qe2 Kg7 31. Qc4 Qf6 32. Re2 Rb8 33. Rec2 Qf5 34. Qe2 Rb6 35. Qc4 h5 36. h3 Rf6 37. Rf1 Qf4 38. Qd3 h4 39. Qf3 Qxf3 40. gxf3 Rxf3 41. Kg2 Rb3 42. Re1 g5 43. Re8 Kg6 44. Re4 Kf5 45. Re7 f6 46. Re8 Kf4 47. Re7 f5 48. Rf7 g4 49. hxg4 h3+ 50. Kh2 Kxg4 51. Rc4 Kg5 52. Rd7 Be5+ 53. f4+ Bxf4+ 54. Rxf4 Kxf4 55. Rc7 Rc3 56. Re7 c4 57. Re2 Re3 58. Rd2 c3 59. Rd4+ Re4 60. Rd3 Re3 61. Rd4+ Kf3 62. Rd5 Ke2 63. Rxf5 Kd2 64. Rf1 c2 65. Ra1 c1Q 66. Rb1 Re2+ 0-1

[Event "TUR-chT"]
[Site "Denizli"]
[Date "2013.07.03"]
[Round "5.7"]
[White "Arat, Ufuk Sezen"]
[Black "Ozmen, Mustafa Lutfi Poyra"]
[Result "1-0"]
[WhiteElo "2185"]
[BlackElo "1808"]
[PlyCount "93"]
[EventDate "2013.06.29"]
[EventType "team-tourn"]
[EventRounds "13"]
[EventCountry "TUR"]
[SourceTitle "CBM 155 Extra"]
[Source "ChessBase"]
[SourceDate "2013.08.26"]
[SourceVersion "1"]
[SourceVersionDate "2013.08.26"]
[SourceQuality "1"]
[WhiteTeam "Pera Spor"]
[BlackTeam "Tarsus Zeka"]
[WhiteTeamCountry "TUR"]
[BlackTeamCountry "TUR"]

1. e4 c5 2. Nc3 Nc6 3. g3 g6 4. d3 Bg7 5. Be3 d6 6. Bg2 e6 7. Qd2 Nd4 8. Nd1 Rb8 9. c3 Nc6 10. Ne2 Nge7 11. Bh6 0-0 12. Bxg7 Kxg7 13. Ne3 f5 14. 0-0 d5 15. exd5 exd5 16. d4 cxd4 17. Nxd4 Rf6 18. Rad1 Nxd4 19. Qxd4 Qb6 20. Qf4 Qd6 21. Nxd5 Nxd5 22. Qxd6 Rxd6 23. Rxd5 Rxd5 24. Bxd5 Kf6 25. Re1 Bd7 26. c4 b6 27. f4 h6 28. Kf2 Rc8 29. Ke3 Re8+ 30. Kd2 Rxe1 31. Kxe1 Ke7 32. Kd2 Kd6 33. Bf7 g5 34. b4 Ke7 35. Bd5 Kd6 36. Bg2 a5 37. a3 axb4 38. axb4 Be6 39. Kc3 Bf7 40. Kd4 gxf4 41. gxf4 Be8 42. c5+ bxc5+ 43. bxc5+ Ke6 44. Bd5+ Kf6 45. c6 Ke7 46. Ke5 Bg6 47. Be6 1-0

[Event "Wch U14"]
[Site "Maribor"]
[Date "2012.11.15"]
[Round "8.55"]
[White "Guo, Hong Da Tony D"]
[Black "Ozmen, Mustafa Lutfi Poyra"]
[Result "0-1"]
[WhiteElo "1920"]
[BlackElo "1723"]
[PlyCount "112"]
[EventDate "2012.11.08"]
[EventType "swiss"]
[EventRounds "11"]
[EventCountry "SLO"]
[SourceTitle "EXT 2013"]
[Source "ChessBase"]
[SourceDate "2012.11.22"]
[SourceVersion "1"]
[SourceVersionDate "2012.11.22"]
[SourceQuality "1"]

1. Nf3 d5 2. g3 Nf6 3. Bg2 Bg4 4. d3 e6 5. Nbd2 Be7 6. 0-0 0-0 7. b3 Nbd7 8. Bb2 c6 9. h3 Bh5 10. c4 b5 11. d4 bxc4 12. bxc4 Rb8 13. Qc1 h6 14. e3 Bg6 15. Ba3 Bxa3 16. Qxa3 Qb6 17. Rfc1 Rb7 18. Nb3 Rfb8 19. Nfd2 Qb4 20. Qxb4 Rxb4 21. cxd5 cxd5 22. Na5 Rb2 23. Ndb3 Kh7 24. Rc7 a6 25. Nc6 Rb6 26. Ne7 Bb1 27. Nc5 Nxc5 28. dxc5 Rb7 29. Rxb7 Rxb7 30. c6 Rxe7 31. Rxb1 Rc7 32. Rb6 a5 33. Bf1 Ne4 34. Bd3 f5 35. Bb5 Nd6 36. a4 Kg6 37. Ra6 Nc4 38. Kf1 Kf6 39. Ke2 Ke7 40. Kd3 Ne5+ 41. Kd4 Kd6 42. f4 Nxc6+ 43. Bxc6 Rxc6 44. Rxc6+ Kxc6 45. Ke5 Kc5 46. Kxe6 Kb4 47. Kxd5 Kxa4 48. Kc4 h5 49. h4 g6 50. Kc3 Kb5 51. e4 fxe4 52. g4 hxg4 53. f5 g3 54. f6 g2 55. f7 g1Q 56. f8Q Qc5+ 0-1

[Event "TUR-chT"]
[Site "Konya"]
[Date "2012.07.19"]
[Round "10"]
[White "Ozmen, Mustafa Lutfi Poyra"]
[Black "Ersoz, Bartu"]
[Result "0-1"]
[WhiteElo "1692"]
[BlackElo "1943"]
[PlyCount "68"]
[EventDate "2012.07.11"]
[EventType "team-tourn"]
[EventRounds "13"]
[EventCountry "TUR"]
[SourceTitle "CBM 149 Extra"]
[Source "ChessBase"]
[SourceDate "2012.08.24"]
[SourceVersion "1"]
[SourceVersionDate "2012.08.24"]
[SourceQuality "1"]
[WhiteTeam "Tarsus Zeka"]
[BlackTeam "Istanbul Teknik Uni"]
[WhiteTeamCountry "TUR"]
[BlackTeamCountry "TUR"]

1. d4 d5 2. c4 e6 3. Nc3 c6 4. Nf3 dxc4 5. a4 Bb4 6. e3 b5 7. Be2 Nf6 8. 0-0 0-0 9. Qc2 a6 10. e4 h6 11. Rd1 Bb7 12. h3 Nbd7 13. Be3 Qc7 14. g4 e5 15. d5 cxd5 16. Nxd5 Nxd5 17. exd5 Nf6 18. g5 hxg5 19. Nxg5 Bc5 20. Bxc5 Qxc5 21. axb5 axb5 22. Rxa8 Rxa8 23. Bf3 Qd6 24. Ne4 Nxe4 25. Qxe4 g6 26. Qe2 Ra2 27. Rd2 Ba6 28. Qd1 Bc8 29. Bg4 Bxg4 30. Qxg4 Kg7 31. Qc8 e4 32. Qc6 Ra1+ 33. Kg2 Qf4 34. Rd1 Qf3+ 0-1

[Event "TUR-chT"]
[Site "Konya"]
[Date "2012.07.16"]
[Round "7"]
[White "Ozmen, Mustafa Lutfi Poyra"]
[Black "Sevgi, Volkan"]
[Result "1-0"]
[WhiteElo "1692"]
[BlackElo "1974"]
[PlyCount "101"]
[EventDate "2012.07.11"]
[EventType "team-tourn"]
[EventRounds "13"]
[EventCountry "TUR"]
[SourceTitle "CBM 149 Extra"]
[Source "ChessBase"]
[SourceDate "2012.08.24"]
[SourceVersion "1"]
[SourceVersionDate "2012.08.24"]
[SourceQuality "1"]
[WhiteTeam "Tarsus Zeka"]
[BlackTeam "Mersin Ezgi"]
[WhiteTeamCountry "TUR"]
[BlackTeamCountry "TUR"]

1. d4 f5 2. Nf3 Nf6 3. g3 g6 4. Bg2 Bg7 5. 0-0 0-0 6. c4 d6 7. Nc3 Qe8 8. d5 c6 9. Rb1 Na6 10. b4 Bd7 11. dxc6 bxc6 12. a3 Nc7 13. Bb2 h6 14. Re1 Qf7 15. Nd4 d5 16. b5 e5 17. Nxc6 Bxc6 18. bxc6 dxc4 19. e4 fxe4 20. Qc2 e3 21. Rxe3 Rab8 22. Rd1 Rbd8 23. h3 Rxd1+ 24. Qxd1 Rb8 25. Re2 Kh7 26. Rd2 e4 27. Ba1 e3 28. fxe3 Qe7 29. Ne4 Nfd5 30. Bxg7 Kxg7 31. Rxd5 Nxd5 32. Qxd5 Rd8 33. Qxc4 Kh7 34. Kh2 h5 35. h4 Rf8 36. Ng5+ Kh6 37. Qe6 Qg7 38. Qd6 Rf2 39. Qd5 Rc2 40. Qd4 Qf8 41. Qf4 Qxf4 42. gxf4 Kg7 43. Kg3 Kf6 44. Bd5 Ke7 45. Kf3 a5 46. a4 Rc5 47. Ke4 Rc3 48. Ne6 Kd6 49. Nd4 Rc1 50. Nb5+ Ke7 51. c7 1-0

[Event "TUR-chT"]
[Site "Konya"]
[Date "2012.07.13"]
[Round "3"]
[White "Ozmen, Mustafa Lutfi Poyra"]
[Black "Baglan, Esat"]
[Result "0-1"]
[WhiteElo "1692"]
[BlackElo "1931"]
[PlyCount "110"]
[EventDate "2012.07.11"]
[EventType "team-tourn"]
[EventRounds "13"]
[EventCountry "TUR"]
[SourceTitle "CBM 149 Extra"]
[Source "ChessBase"]
[SourceDate "2012.08.24"]
[SourceVersion "1"]
[SourceVersionDate "2012.08.24"]
[SourceQuality "1"]
[WhiteTeam "Tarsus Zeka"]
[BlackTeam "Istanbul Aquamatch"]
[WhiteTeamCountry "TUR"]
[BlackTeamCountry "TUR"]

1. d4 d5 2. c4 e5 3. dxe5 d4 4. Nf3 Nc6 5. a3 Nge7 6. g3 Ng6 7. Bg2 a5 8. 0-0 Ngxe5 9. Nxe5 Nxe5 10. b3 Bc5 11. Bb2 0-0 12. Nd2 c6 13. Ne4 Ba7 14. c5 f5 15. Qxd4 Qxd4 16. Bxd4 fxe4 17. Bxe5 Bxc5 18. e3 Be6 19. Bxe4 Bxb3 20. Bc3 a4 21. Rfc1 Rfd8 22. Kg2 Bd5 23. Bxd5+ Rxd5 24. Rcb1 b5 25. Ra2 Rd3 26. Rc1 Be7 27. Kf1 c5 28. Ke2 Rd7 29. Rb2 Rb7 30. Rcb1 b4 31. axb4 a3 32. Ra2 cxb4 33. Rb3 Rc8 34. Bd4 Rbc7 35. Kd2 Kf7 36. h4 g6 37. Bb6 Rd7+ 38. Ke2 Ke6 39. Bd4 Kd5 40. Kd3 Bc5 41. Ba1 Kc6+ 42. Ke2 Ra8 43. Rd2 Rxd2+ 44. Kxd2 Kb5 45. Kc2 Rc8 46. Kb1 Ka4 47. Rd3 b3 48. Be5 a2+ 49. Ka1 Bxe3 50. Rc3 Rxc3 51. Bxc3 Bxf2 52. Be5 Kb5 53. Kb2 Kc4 54. Bc3 a1Q+ 55. Kxa1 Kxc3 0-1

[Event "TUR-chT"]
[Site "Konya"]
[Date "2011.07.02"]
[Round "5"]
[White "Ali Marandi, Cemil Can"]
[Black "Ozmen, Mustafa Lutfi Poyra"]
[Result "1-0"]
[WhiteElo "2265"]
[BlackElo "1670"]
[PlyCount "89"]
[EventDate "2011.06.28"]
[EventType "team-swiss"]
[EventRounds "13"]
[EventCountry "TUR"]
[SourceTitle "CBM 143 Extra"]
[Source "ChessBase"]
[SourceDate "2011.08.29"]
[SourceVersion "1"]
[SourceVersionDate "2011.08.29"]
[SourceQuality "1"]
[WhiteTeam "Besiktas Jimnastik"]
[BlackTeam "Tarsus Zeka"]
[WhiteTeamCountry "TUR"]
[BlackTeamCountry "TUR"]

1. e4 c5 2. c3 Nf6 3. e5 Nd5 4. d4 cxd4 5. cxd4 Nc6 6. Nf3 d6 7. Bc4 e6 8. 0-0 Be7 9. Qe2 0-0 10. Rd1 h6 11. a3 a6 12. Bd3 Qc7 13. Bd2 f5 14. exf6 Nxf6 15. Nc3 d5 16. Bc2 Bd6 17. Qd3 Qf7 18. Re1 Qh5 19. h3 Bd7 20. Re2 Rae8 21. Rae1 Qf5 22. Qxf5 exf5 23. Bb3 Rxe2 24. Rxe2 Ne7 25. Ne5 Bc6 26. Bf4 Bxe5 27. dxe5 Ne8 28. Rd2 Nc7 29. Be3 Rd8 30. g4 fxg4 31. hxg4 Ne6 32. f4 g6 33. Ne4 Kg7 34. Nd6 h5 35. f5 d4 36. f6+ Kh7 37. fxe7 Rxd6 38. exd6 dxe3 39. Re2 Ng7 40. Rxe3 hxg4 41. Bf7 Ne8 42. Bxe8 Bxe8 43. d7 Bxd7 44. e8Q Bxe8 45. Rxe8 1-0

[Event "World School-ch U13 6th"]
[Site "Kayseri"]
[Date "2010.07.30"]
[Round "9"]
[White "Ozmen, Mustafa Lutfi Poyra"]
[Black "Cingoz, Ozan"]
[Result "0-1"]
[WhiteElo "1642"]
[BlackElo "1769"]
[PlyCount "84"]
[EventDate "2010.07.21"]
[EventType "swiss"]
[EventRounds "9"]
[EventCountry "TUR"]
[SourceTitle "CBM 137 Extra"]
[Source "ChessBase"]
[SourceDate "2010.09.01"]
[SourceVersion "1"]
[SourceVersionDate "2010.09.01"]
[SourceQuality "1"]

1. d4 d5 2. c4 c6 3. Nf3 Nf6 4. g3 e6 5. Bg2 Nbd7 6. 0-0 Be7 7. b3 0-0 8. Bb2 Qc7 9. Nbd2 Re8 10. Rc1 Bd6 11. Qc2 Qb8 12. e4 dxe4 13. Nxe4 Nxe4 14. Qxe4 Nf6 15. Qb1 Bd7 16. Rfe1 Qc7 17. Ne5 Rad8 18. f4 Bc8 19. Kh1 Bf8 20. g4 Bd6 21. Bf3 Nd7 22. c5 Be7 23. g5 Nxe5 24. dxe5 Qa5 25. a3 Qd2 26. Rc4 Qf2 27. Rf1 Qh4 28. Be4 Rd2 29. Bg2 Red8 30. Rc2 Qg4 31. Rg1 Bxc5 32. Rxc5 Rxg2 33. Rc2 Rxg1+ 34. Qxg1 Rd1 35. Rg2 Rxg1+ 36. Rxg1 Qf3+ 37. Rg2 b6 38. Kg1 Ba6 39. Rf2 Qd1+ 40. Kg2 c5 41. Bc3 Qg4+ 42. Kh1 Bb7+ 0-1

[Event "World School-ch U13 6th"]
[Site "Kayseri"]
[Date "2010.07.28"]
[Round "7"]
[White "Sheykhhasani, Bardia"]
[Black "Ozmen, Mustafa Lutfi Poyra"]
[Result "1-0"]
[WhiteElo "1899"]
[BlackElo "1642"]
[PlyCount "105"]
[EventDate "2010.07.21"]
[EventType "swiss"]
[EventRounds "9"]
[EventCountry "TUR"]
[SourceTitle "CBM 137 Extra"]
[Source "ChessBase"]
[SourceDate "2010.09.01"]
[SourceVersion "1"]
[SourceVersionDate "2010.09.01"]
[SourceQuality "1"]

1. d4 d5 2. Nf3 Nf6 3. e3 e6 4. b3 c5 5. Bb2 Nbd7 6. Bd3 Bd6 7. Ne5 0-0 8. 0-0 Qc7 9. f4 Ne4 10. Bxe4 dxe4 11. Nc3 f5 12. Nb5 Qb8 13. Nxd6 Qxd6 14. Nxd7 Bxd7 15. dxc5 Qe7 16. Qd6 Qf7 17. Rad1 Rfd8 18. Qe5 Rac8 19. Rd6 b6 20. cxb6 Rxc2 21. bxa7 Qg6 22. Rf2 Rcc8 23. Rfd2 Qf7 24. Qxg7+ Qxg7 25. Bxg7 Kxg7 26. Rxd7+ Rxd7 27. Rxd7+ Kf6 28. b4 Rc1+ 29. Kf2 Rc2+ 30. Kg3 Rxa2 31. b5 Ra3 32. b6 Rxe3+ 33. Kf2 Ra3 34. b7 Rxa7 35. b8Q Rxd7 36. Qf8+ Rf7 37. Qh6+ Ke7 38. g4 Kd7 39. h4 fxg4 40. Ke3 Kd6 41. Qg5 Rf5 42. Qxg4 h5 43. Qg7 Kd5 44. Qd7+ Kc5 45. Qxe6 Rd5 46. Qxe4 Kd6 47. Qg6+ Ke7 48. f5 Re5+ 49. Kd4 Ra5 50. f6+ Kd7 51. f7 Ke7 52. Qg7 Ra8 53. f8Q+ 1-0